00525nam a2200157 4500001000700000003000900007005001700016007000300033008004100036100003000077245013900107260004800246300002200294700003000316852002100346145015ES-MaACL20230906201139.0t|070214s1935 fr r ||||1| fre d1 aSosa-Rodríguez, Carlos.13aLe Droit fluvial international et les fleuves de l'Amerique Latine /cCarlos Sosa-Rodríguez ; preface de M. Simón Planas Suárez. aParis : b[s. n.], c1935 (fImp. Herissey) a192 p. ; c25 cm.1 aPlanas Suárez, Simón. aES-MaACLjA-3793